000 00481nam a2200181Ia 4500
005 20250508161651.0
008 008 250505s9999 xx 000 0 eng d
037 _aTextual
040 _aFEDL
_beng
_cFEDL
041 _aeng
_2eng
084 _a517.8, DUN
_qFEDL
100 _aDuncan J
245 0 _aElements of complex analysis
260 _aLondon, UK
_bJohn Wiley and Sons
_c1968
300 _a313p.
942 _cTEXL
_h517.8, DUN
999 _c1371437
_d1371437